Catalog

Record Details

Catalog Search



Available copies

  • 3 of 3 copies available at LARL/NWRL Consortium.
  • 3 of 3 copies available at Northwest Regional Library. (Show preferred library)

Current holds

0 current holds with 3 total copies.

Show Only Available Copies
Location Call Number / Copy Notes Barcode Shelving Location Status Due Date
Red Lake Falls Public Library j PEN (Text) 35500006919615 Main Available -
Warroad Public Library j PEN (Text) 35500004551949 Main Available -
Warroad Public Library j PEN (Text) 35500006720260 Main Available -

Record details

  • ISBN: 9780061429903 (pbk bdg.)
  • ISBN: 0061429902 (pbk bdg.)
  • ISBN: 9780061429910 (trade bdg.)
  • ISBN: 0061429910 (trade bdg.)
  • ISBN: 9780545206839
  • Physical Description: 71 p. : ill. ; 21 cm.
  • Edition: 1st Harper Trophy ed.
  • Publisher: New York : Harper, 2009.

Content descriptions

Summary, etc.:
Hoping to escape the attention brought on by the ... Read More
Subject: Adventure and adventurers > Fiction.
Gold mines and mining > Fiction.
Vacations > Fiction.
Mount Rushmore National Memorial (S.D.) > Fiction.
South Dakota > Fiction.
Gold mines and mining > Juvenile fiction.
Vacations > Juvenile fiction.
Mount Rushmore National Memorial (S.D.) > Juvenile fiction.
South Dakota > Juvenile fiction.
Genre: Adventure stories.
LDR 02309cam a2200529 a 4500
001108164
003LARL_NWRL_CONSORTIUM
00520230929175128.0
008081024s2009 nyua b 000 1 eng
019 . ‡a262883999
020 . ‡a9780061429903 (pbk bdg.)
020 . ‡a0061429902 (pbk bdg.)
020 . ‡a9780061429910 (trade bdg.)
020 . ‡a0061429910 (trade bdg.)
020 . ‡a9780545206839
035 . ‡a(OCoLC)262883920 ‡z(OCoLC)262883999
042 . ‡alcac
043 . ‡an-us-sd
08214. ‡a[E] ‡222
1001 . ‡aPennypacker, Sara, ‡d1951- ‡0(LARL_NWRL_CONSORTIUM)112333
24510. ‡aFlat Stanley's worldwide adventures ‡n#1
24634. ‡aThe Mount Rushmore calamity ‡n#1 / ‡ccreated by Jeff Brown ; written by Sara Pennypacker ; pictures by Macky Pamintuan
250 . ‡a1st Harper Trophy ed.
260 . ‡aNew York : ‡bHarper, ‡c2009.
300 . ‡a71 p. : ‡bill. ; ‡c21 cm.
4900 . ‡aFlat Stanley's worldwide adventures ; ‡v1
520 . ‡aHoping to escape the attention brought on by the accident that flattened Stanley, the Lambchop family drives to South Dakota, where they become involved in a wild west adventure at Mount Rushmore.
650 1. ‡aAdventure and adventurers ‡vFiction. ‡0(LARL_NWRL_CONSORTIUM)175858
650 1. ‡aGold mines and mining ‡vFiction. ‡0(LARL_NWRL_CONSORTIUM)165501
650 1. ‡aVacations ‡vFiction. ‡0(LARL_NWRL_CONSORTIUM)167844
651 1. ‡aMount Rushmore National Memorial (S.D.) ‡vFiction.
651 1. ‡aSouth Dakota ‡vFiction. ‡0(LARL_NWRL_CONSORTIUM)168862
655 0. ‡aAdventure stories.
650 0. ‡aGold mines and mining ‡vJuvenile fiction.
650 0. ‡aVacations ‡vJuvenile fiction.
651 0. ‡aMount Rushmore National Memorial (S.D.) ‡vJuvenile fiction.
651 0. ‡aSouth Dakota ‡vJuvenile fiction.
7001 . ‡aBrown, Jeff, ‡d1926-2003. ‡0(LARL_NWRL_CONSORTIUM)74247
7001 . ‡aPamintuan, Macky. ‡0(LARL_NWRL_CONSORTIUM)194288
901 . ‡a108164 ‡bOCLC ‡c108164 ‡tbiblio

Additional Resources